Aplikácia prvkov reverznej logistiky v sieťovej analýze diplomová práca

Enregistré dans:
Détails bibliographiques
Auteur principal: Rédekyová, Zuzana
Collectivité auteur: Fakulta hospodárskej informatiky EU. Katedra operačného výskumu a ekonometrie
Autres auteurs: Gežík, Pavel, 1983-
Format: Livre
Langue:slovaque
Publié: Bratislava 2014
Tags: Ajouter un tag
Pas de tags, Soyez le premier à ajouter un tag!

MARC

LEADER 00000nbm a2200000 4500
001 0188496
005 20170201103400.7
041 0 |a slo 
044 |a SK 
245 1 0 |a Aplikácia prvkov reverznej logistiky v sieťovej analýze  |b diplomová práca  |c Zuzana Rédekyová ; školiteľ: Pavel Gežík 
264 1 |a Bratislava  |c 2014 
300 |a 85 s. 
100 1 |a Rédekyová, Zuzana 
700 1 |a Gežík, Pavel, 1983- 
710 2 |a Fakulta hospodárskej informatiky EU. Katedra operačného výskumu a ekonometrie